Pre slovenskú drámu v tomto období vyvstáva... [inc.]

Bibliographic Details
Main Author: Kočan, Mikuláš, 1946- (Author)
Format: Article
Language:Slovak
PhysicalDescription:Fotogr. 1
ISSN:1335-180X
Subjects:

MARC

LEADER 00000nab a2200000 a 4500
001 vtls000601061
003 SK-MaSNL
005 20260304094851.0
008 250425c1996 xo 0 slo
015 |a SNBRB19rr/mm-uuuuu 
035 |a CL0601200 
035 |a urn:nbn:sk:snk-ab7e6h 
035 |a (uuid)d2e26831-e5c0-4a53-a99a-ed9fe58ad872 
035 |a (urnnbn)urn:nbn:sk:snk:ar-a07wo0 
035 |a (sysno)vtls000601061 
040 |a SNKBUCL  |b slo  |c SNKBUCL  |e AACR2 
041 0 |a slo 
044 |a xo  |c SK 
080 |a 82(091):885.4"1945/..."  |2 1981 
080 |a 885.4(091)"1945/..."  |2 1981 
080 |a 792(437.6)  |2 1981 
100 1 |a Kočan, Mikuláš,  |d 1946-  |4 aut  |9 222464 
245 1 0 |a Pre slovenskú drámu v tomto období vyvstáva... [inc.]  |c Mikuláš Kočan 
300 |b Fotogr. 1 
650 0 7 |a slovenská dráma  |2 snkbucl  |9 78099 
655 7 |a články z novín a časopisov  |2 snkbucl  |9 267496 
773 0 |t Literika  |g Roč. 1, č. 2 (1996), s. 165  |x 1335-180X 
850 |a Slovenská národná knižnica 
852 |a Slovenská národná knižnica 
954 |a odborná, vedecká literatúra pôvodná (slovenská)  |2 lita 
958 |a article27 
958 |a LX 
958 |a SK 
958 |a RK 
958 |a OND 
958 |a EUIPO 
999 |c 2829358  |d 2831288